000 00599cam a22002053a 4500
001 39749
003 PGUSA
005 20140828083903.0
008 120521s2012||||xxu|||||s|||||000 | eng d
040 _aPGUSA
_beng
042 _adc
100 1 _aDresser, Christopher
245 1 0 _aPrinciples of Decorative Design :
_bFourth Edition
_h[electronic resource] /
_cChristopher Dresser
260 _bProject Gutenberg,
_c2012
506 _aPublic domain in the USA.
516 _aElectronic text
830 0 _aProject Gutenberg
_v39749
856 4 0 _uhttp://www.gutenberg.org/ebooks/39749
942 _cEB
999 _c269002
_d269002